000 02375nam a22003253a 4500
005 20051014160153.0
008 050725t20052003nyu | 00| 0 eng d
010 _aB-317061-066
020 _a8187326298
_c175.00
035 _aB-317061-066
035 _aB-358646
037 _bUBH (vendor)
040 _adpl
_bEnglish
082 _a181.499
245 _aCommentaries on living:
_cedited by D. Rajagopal
_bthird series; from the notebooks of J. Krishnamurti
260 _aChennai
_bKrishnamurti Foundation India
_c2007 (repr.)
270 _aVasanta Vihar, 124, Greenways Road
_bChennai
_e600 028
_mpublications@kfionline.org
300 _a372p.
_c23cm. (pbk)
700 _aRajagopal, D.
710 _aCopyright Paperback Collection (Library of Congress)
942 _2ddc
_cEN
_mCOM
_h181.499
999 _c15993
_d15993